Statistics for Top 100 Economies (countries and corporations by revenue)

Click here to take the quiz!

General Stats

  • This quiz has been taken 345 times
  • The average score is 36 of 100

Answer Stats

Nr.Revenue in (billions) US$Country / Corporation% Correct
13,251United States
97%
22,426China
94%
61,101United Kingdom
92%
51,253France
91%
31,515Germany
90%
24236India
90%
41,439Japan
90%
7876Italy
89%
30216Russia
88%
8631Brazil
87%
9585Canada
87%
11474Spain
87%
12426Australia
84%
19260Mexico
84%
17291South Korea
82%
20251Sweden
80%
50143Argentina
79%
13337Netherlands
78%
29220Norway
77%
33193Saudi Arabia
75%
28222Switzerland
75%
61123Indonesia
74%
25234Apple
73%
26227Belgium
73%
41162Denmark
72%
37175Turkey
72%
57131Finland
71%
35189Austria
67%
9294Microsoft
65%
9790Portugal
65%
73107Amazon.com
58%
36177Samsung Electronics
54%
70110United Arab Emirates
54%
10482Walmart
51%
23237Toyota Motor Corporation
49%
46150Ford Motor Company
46%
45152General Motors
46%
18272Royal Dutch Shell
44%
22237Volkswagen
41%
80102BMW
40%
27226BP
40%
64122Honda Motor Company
36%
32203Venezuela
32%
21246Exxon Mobil
31%
9096Boeing
28%
9393Bank of America Corporation
27%
84101J.P. Morgan Chase
27%
48147AT&T
26%
82102Nissan Motor
25%
58131Chevron
23%
9592Nestlé
22%
56132Verizon
22%
52140General Electric
21%
9889HSBC Holdings
20%
31211Berkshire Hathaway
19%
77103HP
19%
40166Daimler
18%
9690Wells Fargo
18%
8599Gazprom
17%
49143Total
15%
47148China Construction Bank
13%
55133Agricultural Bank of China
12%
63122Bank of China
11%
66116Costco
11%
39167Industrial & Commericial Bank of China
11%
8797Petrobras
11%
51141Hon Hai Precision Industry
10%
9989The Home Depot
10%
62123Allianz
9%
67112BNP Paribas
9%
10088Citigroup
9%
16294Sinopec Group
9%
42157United Health Group
9%
60129AXA
7%
15299China National Petroleum
7%
34192McKesson
7%
76103Walgreens Boots Alliance
7%
9493ENI
6%
38170Glencore
6%
71110Kroger
6%
14330State Grid Corporation of China
5%
43153CVS Health
4%
44153EXOR Group
4%
68110Fannie Mae
4%
54136AmerisourceBergen
3%
59129E.ON
3%
65119Japan Post Holdings
3%
72108Société Générale
3%
78103Assicurazioni Generali
2%
79103Cardinal Health
2%
74107China Mobile Communications
2%
9196China Railway Construction
2%
8699China Railway Engeneering
2%
8996Nippon Telegraph & Telephone
2%
69110Ping An Insurance
2%
75107SAIC Motors
2%
83101China Life Insurance
1%
81102Express Scripts Holding
1%
8897Trafigura Group
1%
53140China State Constructing Engineering
0%

Score Distribution

Percentile by Number Answered

Percent of People with Each Score

Your Score History

You have not taken this quiz